000 00560nam a22001697a 4500
003 OSt
005 20240926022107.0
008 240926b |||||||| |||| 00| 0 eng d
040 _c0
082 _aDPer 050 R22 2000 January-May 2023 v123 no. 719-723
100 _aBernstein, Elizabeth.
_eauthor.
_961684
245 _aFind awe in everyday life /
_cBernstein, Elizabeth.
260 _aTaipei ;
_bReader's Digest Asia,
_cMarch 2023.
300 _aVolume 123, pages 74-77 ,
_billustration.
700 _aBernstein, Elizabeth.
_eauthor.
_961684
942 _2ddc
_cPER
999 _c21897
_d21897